15 Największych miast na Kujawach na mapie - Statystyki

Ogólne statystyki
  • Ten quiz został rozwiązany 16 razy
  • Średni wynik to 5 z 15
Odpowiedzi na mapie
Odpowiedzi zakodowano w zielono-czerwonej skali na mapie do tego quizu, zgodnie z poniższymi procentami.
 
Statystyki odpowiedzi
Populacja Miasto % Poprawnych
110k Włocławek
100%
340k Bydgoszcz
91%
70k Inowrocław
73%
15k Solec Kujawski
55%
12k Aleksandrów Kujawski
36%
11k Ciechocinek
27%
10k Koronowo
27%
4,5k Brześć Kujawski
18%
5,5k Radziejów
18%
7k Barcin
9%
7k Gniewkowo
9%
9k Janikowo
9%
9k Kruszwica
9%
6k Pakość
9%
6k Strzelno
0%
Nie znaleziono quizów pasujących do podanych kryteriów
Rozkład punktacji
Procent ludzi z każdym wynikiem
Percentyl według liczby udzielonych odpowiedzi
Twoja historia wyników
Nie rozwiązałeś tego quizu